Music Quiz

Random Music Quiz
Score 0/30 Timer 06:00
0 Plays Today
Song % Correct
Impossible (2012)James Arthur
83.6%
Cannonball (2011)Little Mix
81.4%
When We Collide (2010)Matt Cardle
79.1%
A Moment Like This (2006)Leona Lewis
79.1%
Hallelujah (2008)Alexandra Burke
78.2%
When Christmas Comes Around (2016)Matt Terry
76.2%
Skyscraper (2013)Sam Bailey
75.2%
That's My Goal (2005)Shayne Ward
75%
The Climb (2009)Joe McElderry
73.2%
Something I Need (2014)Ben Haenow
71%
When You Believe (2007)Leon Jackson
70%
Against All Odds (2004)Steve Brookstein
69.1%
The Climb (2009)Miley Cyrus
68.6%
Skyscraper (2013)Demi Lovato
66.9%
The Power of Love (2018)Dalton Harris
66.7%
Song % Correct
Forever Young (2015)Louisa Johnson
66.3%
When Christmas Comes Around (2016)Matt Terry (it's an original song!)
57.1%
Dimelo (2017)Rak-Su
57.1%
Impossible (2012)Shontelle
56.4%
Cannonball (2011)Damien Rice
56.4%
The Power of Love (2018)Frankie Goes to Hollywood
52.4%
When You Believe (2007)Mariah Carey/Whitney Houston
50.9%
When We Collide (2010)Biffy Clyro (as 'Many of Horror')
49.5%
Against All Odds (2004)Phil Collins (as 'Against All Odds (Take a Look at Me Now)')
48.2%
Hallelujah (2008)Leonard Cohen
46.8%
A Moment Like This (2006)Kelly Clarkson
46.8%
Something I Need (2014)OneRepublic
46.8%
Dimelo (2017)Rak-Su (it's an original song!)
42.9%
Forever Young (2015)Bob Dylan
40.2%
That's My Goal (2005)Shayne Ward (it's an original song!)
38.6%
Remove Ads.
Support Sporcle.
Get the best of Sporcle when you Go Orange. This ad-free experience offers more features, more stats, and more fun while also helping to support Sporcle. Thank you for becoming a member.

You're not logged in!

Compare scores with friends on all Sporcle quizzes.
OR
Log In

You Might Also Like...

Show Comments

Extras

Created Dec 9, 2012ReportNominate
Tags:X Factor

Top Quizzes Today


Score Distribution

Your Account Isn't Verified!

In order to create a playlist on Sporcle, you need to verify the email address you used during registration. Go to your Sporcle Settings to finish the process.

Report this User

Report this user for behavior that violates our Community Guidelines.

Details: